00430nam a2200181Ia 4500008004000000020001800040041000800058082001600066100001400082245003900096260004500135300001300180650000900193650001700202650000700219650000900226650001300235210210b2010 xxu||||| |||| 00| 0 eng d a9788178845890 aeng a535.52 DAST aDAS (K P) aText book of advanced polarization aNew DelhibCyber Tech Publicationsc2010 aviii,256 aText apolarization aof abook aadvanced